000 00786aam a2200289 i 4500
001 768714001
003 CO-MdFUSB
005 20250506170449.0
007 ta
008 250506t1967 -us |||| |||| 00| 0 eng d
040 _cCO-MdFUSB
041 0 _aeng
082 0 4 _223
_a241.4
_bP9451m
100 1 _aPrice, Eugenia
_eautor
245 1 0 _aMake love your aim
_c/ Eugenia Price
264 1 _bZondervan Publishing House,
_aGrand Rapids, MI., USA :
_c[1967]
264 4 _c©1967
300 _a191 páginas
336 _atexto
_btxt
_2rdacontent
337 _2rdamedia
_asin mediación
_bn
338 _2rdacarrier
_avolumen
_bnc
563 _aPasta dura
650 7 _aAmor
_xAspectos religiosos
_vCristianismo
_9255
942 _cBK
945 _aJTF-925
999 _c35416
_d35416